Reconstruction of fault growth using drainage development in the Canyonlands Graben, Utah (Record no. 80005)

MARC details
000 -LEADER
fixed length control field 00588nam a2200133 a 4500
008 - FIXED-LENGTH DATA ELEMENTS--GENERAL INFORMATION
fixed length control field 120416s9999 ||||||||||||||||| || u
050 ## - LIBRARY OF CONGRESS CALL NUMBER
Classification number THESIS
100 ## - MAIN ENTRY--PERSONAL NAME
Personal name Commins, Deirdre C
245 10 - TITLE STATEMENT
Title Reconstruction of fault growth using drainage development in the Canyonlands Graben, Utah
260 ## - PUBLICATION, DISTRIBUTION, ETC.
Place of publication, distribution, etc. 2003
350 ## -
-- 0.00
995 ## -
-- SPECIAL COLLECTIONS
-- 0.00
-- 9018120
-- CBU-MAIN LIBRARY (Kitwe)
-- 1
-- 0.00
-- THESIS
-- AVAILABLE
-- 9018120
-- University Collection
995 ## -
-- SPECIAL COLLECTIONS
-- 0.00
-- 9018121
-- CBU-MAIN LIBRARY (Kitwe)
-- 2
-- 0.00
-- THESIS
-- AVAILABLE
-- 9018121
-- University Collection
999 ## -
-- 80005
-- 80005
Holdings
Withdrawn status Lost status Source of classification or shelving scheme Damaged status Not for loan Permanent Location Current Location Shelving location Date acquired Total Checkouts Full call number Barcode Date last seen Copy number Price effective from Koha item type
          CBU-MAIN LIBRARY, KITWE. CBU-MAIN LIBRARY, KITWE.   06/29/2023   THESIS 9018120 06/29/2023 1 06/29/2023 SPECIAL COLLECTION
          CBU-MAIN LIBRARY, KITWE. CBU-MAIN LIBRARY, KITWE.   06/29/2023   THESIS 9018121 06/29/2023 2 06/29/2023 SPECIAL COLLECTION